000
00305nam a22001337a 4500
008
181107b xxu||||| |||| 00| 0 eng d
020
_a
9780803611917
041
_a
eng
080
_2
4 TH
_a
615.83
100
_a
8
101
_a
EKZ
245
_a
Joint Structure Function
_c
Pamela.K.L
942
_2
udc
_c
BK
999
_c
52148
_d
52148